000
00335 a2200145 4500
001
162419
020
_a
040
_c
Magnum
100
_a
Regina, Tia.
240
1
0
_a
A carreta dourada - o primeiro gaucho
_l
por
245
1
0
_a
A carreta dourada - o primeiro gaucho
362
0
_a
1899
697
_a
IJ/LENDAS, FOLCLORE
942
_c
BK
999
_c
162419
_d
162419